LEADER 01557nam1 2200385 450 001 990003301810203316 005 20090824114755.0 035 $a000330181 035 $aUSA01000330181 035 $a(ALEPH)000330181USA01 035 $a000330181 100 $a20090824d1981----km-y0itay50------ba 101 $aeng 102 $aUS 105 $aa---||||001yy 200 1 $aRecent developments in condensed matter physics 210 $aNew York and London$cPlenum press$dcopyr. 1981 215 $a4 v.$cill.$d25 cm 300 $aAtti delladella prima conferenza generale della Condensed matter division dell'European physical society tenutasi presso l'Università di Antwerpen dal 9 all' 11 aprile 1980 463 \1$1001990003301830203316$12001 $a<> Invited papers 463 \1$1001990003301860203316$12001 $a<> Metals, disordered systems, surfaces, and interfaces 463 \1$1001990003301880203316$12001 $a<> Impurities, excitons, polarons, and polaritons 463 \1$1001990003301890203316$12001 $a<> Low -dimensional systems, phase changes, and experimental techniques 606 0 $aMateria$xCondensazione$yCongressi 676 $a530.41 801 0$aIT$bsalbc$gISBD 912 $a990003301810203316 951 $a530.41 REC/$bCBS$c530.41 959 $aBK 969 $aSCI 979 $aRSIAV7$b90$c20090824$lUSA01$h1124 979 $aRSIAV7$b90$c20090824$lUSA01$h1143 979 $aRSIAV7$b90$c20090824$lUSA01$h1147 996 $aRecent developments in condensed matter physics$91122890 997 $aUNISA LEADER 00906cam2 22002413 450 001 SOBE00018984 005 20111024144118.0 100 $a20111024d1993 |||||ita|0103 ba 101 $aita 102 $aIT 200 1 $a<<12: >>Siti$eMonte Sant'Angelo (1)-Orsomarso 210 $aPisa$cScuola Normale Superiore$aRoma$cÉcole Française de Rome$d1993 215 $aXVII, 520 p.$c[45] c. di tav.$d24 cm 461 1$1001SOB017214$12001 $aBibliografia topografica della colonizzazione greca in Italia e nelle isole tirreniche / diretta da G. Nenci ; G. Vallet 801 0$aIT$bUNISOB$c20111024$gRICA 850 $aUNISOB 852 $aUNISOB$j900$m110884 912 $aSOBE00018984 940 $aM 102 Monografia moderna SBN 941 $aM 957 $a900$b003848$i-12$gSI$d110884$racquisto$1catenacci$2UNISOB$3UNISOB$420111024143003.0$520111025074632.0$6catenacci 996 $aSiti$9823855 997 $aUNISOB LEADER 02207nam 22006134a 450 001 9910452258303321 005 20200520144314.0 010 $a1-59332-184-8 035 $a(CKB)1000000000460922 035 $a(OCoLC)560268817 035 $a(CaPaEBR)ebrary10159270 035 $a(SSID)ssj0000236116 035 $a(PQKBManifestationID)11188064 035 $a(PQKBTitleCode)TC0000236116 035 $a(PQKBWorkID)10173172 035 $a(PQKB)11690298 035 $a(MiAaPQ)EBC3016786 035 $a(Au-PeEL)EBL3016786 035 $a(CaPaEBR)ebr10159270 035 $a(OCoLC)66264346 035 $a(EXLCZ)991000000000460922 100 $a20050803d2005 uy 0 101 0 $aeng 135 $aurcn||||||||| 181 $ctxt 182 $cc 183 $acr 200 10$aReporting sexual assault$b[electronic resource] $ea social ecology perspective /$fKim S. Me?nard 210 $aNew York $cLFB Scholarly Pub.$d2005 215 $a1 online resource (224 p.) 225 1 $aCriminal justice : recent scholarship 300 $aBibliographic Level Mode of Issuance: Monograph 311 $a1-59332-126-0 320 $aIncludes bibliographical references (p. 145-165) and index. 327 $aSexual assault prevalence and reporting -- Explaining victims' decision to contact the police -- Normative advice for labeling and reporting crime -- Sexual assault victims' decision to contact the police -- General discussion and policy implications. 410 0$aCriminal justice (LFB Scholarly Publishing LLC) 606 $aRape$xInvestigation$zUnited States 606 $aPolice questioning$zUnited States 606 $aCriminal justice, Administration of$zUnited States 606 $aCriminal statistics$zUnited States 608 $aElectronic books. 615 0$aRape$xInvestigation 615 0$aPolice questioning 615 0$aCriminal justice, Administration of 615 0$aCriminal statistics 676 $a362.883 700 $aMe?nard$b Kim S.$f1965-$0877633 801 0$bMiAaPQ 801 1$bMiAaPQ 801 2$bMiAaPQ 906 $aBOOK 912 $a9910452258303321 996 $aReporting sexual assault$91959692 997 $aUNINA